[Event "XVI Gran Hotel Bali 2017"]
[Site "Benidorm"]
[Date "2017.12.06"]
[Round "7"]
[White "Saber, Yasser"]
[Black "Cubas Pons, Juan Miguel"]
[Result "1/2-1/2"]
[WhiteElo "2248"]
[BlackElo "2187"]
[Annotator "TA"]
[PlyCount "129"]
[EventDate "2017.??.??"]
[EventType "swiss"]
[EventCountry "ESP"]
[SourceTitle "playchess.com"]
[Source "ChessBase"]
[SourceQuality "1"]

{[%evp 18,129,-9,-36,16,20,16,0,0,-6,0,-11,-23,-14,11,-9,-9,-10,-22,-24,-12,-6,-11,-43,-32,-77,-52,-91,0,-55,0,-191,-191,-175,-199,-170,-144,-173,-140,-357,-300,-294,-273,-250,-151,-152,-141,-143,-121,-172,-150,-123,-87,-158,-91,-97,-71,-92,-122,-156,-95,-130,-128,-225,-201,-191,-153,-153,-153,-148,-158,-157,-145,-447,-108,-109,-111,-121,-45,-68,-40,-42,-52,-60,-41,-59,-66,-181,-161,-197,-184,-318,-181,-200,-57,-129,0,0,0,0,0,0,0,0,0,0,0,0,0,0,0,0,0,0]} 1. d3 d5 2. g3 Nf6 3. Bg2 c5 4. f4 Nc6 5. Nf3 g6 6. O-O Bg7 7. Nc3 d4 8. Na4 Qd6 9. c4 O-O 10. a3 {LiveBook: 4 Games} Re8 {A03: Bird's Opening with 1...d5} (10... Bd7 $15) (10... Ng4 11. Rb1 Bd7 12. b4 b6 13. bxc5 bxc5 14. Ng5 Rab8 15. Rxb8 Nxb8 16. Ne4 Bxa4 17. Qxa4 Qb6 18. Qb5 {0-1 (41) Panbukchian,V (2381)-Berbatov,K (2472) Varna 2011}) 11. Rb1 $146 ({Predecessor:} 11. b4 cxb4 12. axb4 Qxb4 13. Ne5 Qd6 14. Nxc6 bxc6 15. Nb6 Rb8 16. Nxc8 Rexc8 17. Rxa7 e6 18. Bf3 {½-½ (56) Rewitz,P (2219)-Bjerre,T (2029) Horsens 2013}) 11... e5 12. fxe5 Nxe5 13. b4 Nxf3+ 14. Rxf3 cxb4 $1 15. axb4 Qe5 16. Qf1 Bg4 17. Nc5 a5 18. Nxb7 axb4 {...Ra2 is the strong threat.} ({Don't play} 18... Qxe2 $6 19. Rf2 $16) 19. Bf4 $1 {[%cal Rf4e5]} Qxe2 20. Nd6 Re6 $36 {[%mdl 2048] Black has good play.} 21. Rf2 Qxf1+ 22. Kxf1 {[#]} Ra3 (22... Ra5 $1 $17 23. h3 g5) 23. h3 (23. c5 $11) 23... Bf8 (23... g5 $1 $15 24. Bxg5 Rxd6 25. hxg4 Nxg4) 24. Nb5 $2 (24. c5 $11 {and White stays safe.} Bxd6 25. cxd6) 24... Bf5 $19 25. Nxa3 {And now Nc2 would win.} Bxd3+ 26. Kg1 {Black must now prevent Nc2.} bxa3 27. Rb8 Bxc4 28. Ra8 $2 (28. Rc2 $17 a2 29. Ra8) 28... Re8 29. Ra4 Re1+ 30. Kh2 a2 31. Raxa2 Bxa2 32. Rxa2 Kg7 33. Ra8 (33. Bf3 $17) 33... Nh5 34. Bc7 Bb4 35. g4 (35. Rd8 $142) 35... Nf6 ({Black should try} 35... Re7 36. Ra4 Bc5) 36. Rd8 $17 Bc5 37. Bf3 Re7 38. Ba5 g5 (38... Nd7 $142 39. Kg3 h6) 39. Bd2 h6 40. h4 (40. Kg2 $17 {might work better.}) 40... Bb6 41. Rc8 Ne4 42. Bb4 Re6 43. hxg5 Nxg5 44. Bd5 Re2+ 45. Kg3 $2 {[%mdl 8192]} (45. Kh1 $17) 45... Re3+ $2 (45... d3 $19 46. Bc3+ f6) 46. Kg2 Ne6 47. Bc4 Kf6 (47... Nf4+ $17 48. Kf2 Ng6) 48. Rc6 Bd8 {Hoping for ...Ke5.} 49. Rc8 Be7 50. Bd2 Nf4+ 51. Kf2 $1 Nd3+ 52. Kf1 ({Better is} 52. Bxd3 $1 $15 Rxd3 53. Bxh6) 52... Rf3+ $19 53. Ke2 Ne5 {Strongly threatening ...d3+.} 54. Bxh6 (54. Bd5 {only move.} d3+ 55. Ke1) 54... Rc3 (54... d3+ $142 55. Bxd3 Rxd3) 55. Ba6 Nxg4 ({Black should play} 55... Ra3 $19 56. Bb7 Ra2+ 57. Kd1 Nxg4) 56. Bd2 {[#]} (56. Rxc3 $15 dxc3 57. Bc1) 56... Rxc8 (56... Ra3 $1 $17 {[%cal Ra3a6]} 57. Rc6+ Kg7) 57. Bxc8 $17 {[%mdl 4096] Endgame KBB-KBN. The position is equal.} Ne5 58. Bf4 Ng6 59. Kf3 Bb4 60. Ba6 Ke6 61. Bc4+ Kf6 62. Bg3 Nf8 63. Ke4 Bc5 64. Be5+ Kg6 65. Bxf7+ {Precision: White = 37%, Black = 41%.} 1/2-1/2

[Event "XVI Gran Hotel Bali 2017"]
[Site "Benidorm"]
[Date "2017.12.06"]
[Round "7"]
[White "Hristodorescu, Daniel"]
[Black "Yuksel, Atilla Koksal"]
[Result "0-1"]
[WhiteElo "2237"]
[BlackElo "2184"]
[Annotator "TA"]
[PlyCount "111"]
[EventDate "2017.??.??"]
[EventType "swiss"]
[EventCountry "ESP"]
[SourceTitle "playchess.com"]
[Source "ChessBase"]
[SourceQuality "1"]

{[%evp 21,111,18,27,-4,0,-10,-9,-7,0,0,0,0,0,0,0,-9,0,0,0,0,0,0,10,0,0,-3,-8,-31,0,0,62,46,46,0,0,-11,-9,-16,-16,-37,-51,-49,0,-4,0,-52,-41,-39,-11,-58,-25,-35,0,-50,-8,-15,0,-49,0,-13,-14,-31,-34,-38,-45,-79,-77,-78,-78,-77,-83,-153,-164,-272,-275,-275,-275,-275,-275,-272,-272,-198,0,-272,-271,-272,-271,-252,-243,-373,-384,-635]} 1. e4 c5 2. Nf3 Nc6 3. Bb5 g6 4. Bxc6 dxc6 5. d3 Bg7 6. h3 Nf6 7. Nc3 {[%cal Bb1c3,Bc3d1,Bd1e3][%mdl 32]} Nd7 {[%cal Bf6d7,Bd7f8,Bf8e6,Be6c5][%mdl 32]} 8. Be3 e5 9. Qd2 Qe7 10. Bh6 f6 11. Bxg7 {B31: Sicilian: 2...Nc6 3 Bb5 g6} Qxg7 {LiveBook: 93 Games} 12. Nd1 (12. Nh2 g5 13. Ng4 Nf8 14. Ne3 Ng6 15. a3 Be6 16. b4 Qe7 17. Na4 b6 18. g3 h5 {1-0 (48) Cheparinov,I (2703)-Kveinys,A (2542) Warsaw 2017}) 12... Nf8 13. Ne3 {The position is equal.} Ne6 14. a4 $146 ({Predecessor:} 14. c3 O-O 15. O-O Nf4 16. d4 cxd4 17. cxd4 Be6 18. Rfe1 Rad8 {1-0 (33) Zhou,W (2388)-Delgado,J Dos Hermanas 2004}) 14... b6 15. b4 cxb4 16. Qxb4 Qe7 17. Qxe7+ Kxe7 18. g3 Nc5 19. Nd2 Be6 20. f4 exf4 21. gxf4 Rad8 22. Nf3 Bc8 23. a5 b5 24. h4 Ne6 25. f5 Nd4 (25... Nc5 $11) 26. Nxd4 Rxd4 27. Kd2 gxf5 $1 28. exf5 Rg8 29. c3 Rf4 30. Raf1 Ra4 31. Ra1 Rf4 32. Raf1 Ra4 33. Ra1 {Black should prevent Rxa4.} Rxa1 34. Rxa1 $15 {[%mdl 4096] Endgame KRB-KRN} Rg3 35. d4 Rf3 36. Rg1 Kf7 37. c4 Rf2+ 38. Kc3 Rf3 39. Kd2 Rf4 40. cxb5 cxb5 41. Rc1 Rxd4+ 42. Ke2 Bd7 43. a6 Ke7 {Strongly threatening ...Kd6.} 44. Rc7 Kd6 45. Rxa7 Rxh4 46. Rb7 (46. Nd5 $142) 46... Ra4 $17 47. Rb6+ (47. Ra7 $142) 47... Bc6 $19 48. Rb8 Rxa6 {Hoping for ...Ra8.} 49. Ng4 Ra2+ 50. Ke3 Ra3+ 51. Kd2 Ra2+ (51... Ke7 $142 $1 52. Nh6 Ra2+ 53. Kd3 Rf2 54. Ng8+ Kf7 55. Nxf6 Rf3+ 56. Kd2 Kxf6) 52. Ke3 $1 {[#]} Ke7 $1 53. Rh8 Ra3+ 54. Kd4 {[#]} Rh3 $1 55. Kc5 (55. Nf2 $142 Rh4+ 56. Ke3) 55... Bd7 56. Kd4 $2 {Precision: White = 38%, Black = 51%.} (56. Rg8 Bxf5 57. Nf2) 0-1

[Event "XVI Gran Hotel Bali 2017"]
[Site "Benidorm"]
[Date "2017.12.06"]
[Round "7"]
[White "Olcum, Ahmet"]
[Black "Olhovik, Andrei"]
[Result "0-1"]
[WhiteElo "2231"]
[BlackElo "2299"]
[Annotator "TA"]
[PlyCount "74"]
[EventDate "2017.??.??"]
[EventType "swiss"]
[EventCountry "ESP"]
[SourceTitle "playchess.com"]
[Source "ChessBase"]
[SourceQuality "1"]

{[%evp 24,74,-37,-41,-7,0,0,-66,-54,-62,-57,-51,-27,-9,-5,-57,0,0,0,0,0,-51,-46,-178,-172,-166,-121,-118,-58,-70,-63,-67,-76,-229,-168,-143,-160,-115,-77,-115,-64,-297,-264,-476,-472,-458,-439,-1220,-1202,-1152,-1138,-29981,-29982]} 1. d4 d5 2. Nf3 Nf6 3. Bf4 c5 {[%cal Bc7c5,Bc5c4][%mdl 32]} 4. e3 Nc6 5. c3 Qb6 6. Qb3 c4 7. Qc2 Bf5 8. Qc1 e6 9. Nbd2 h6 {D02: 1 d4 d5 2 Nf3 sidelines, including 2...Nf6 3 g3 and 2...Nf6 3 Bf4} 10. Be2 Be7 11. h3 O-O (11... Qd8 12. Ne5 Nxe5 13. Bxe5 O-O 14. O-O b5 15. Re1 Ne4 16. Bf3 Ng5 17. Bd1 {½-½ (36) Stupak,K (2573)-Gelfand,B (2729) Tbilisi 2017}) 12. g4 Bg6 13. Rg1 {LiveBook: 3 Games} Nd7 14. h4 {[#]} e5 $146 ({Predecessor:} 14... Rae8 15. h5 Bh7 16. g5 hxg5 17. Nxg5 Bxg5 18. Bxg5 {½-½ (36) Cao,S (2497)-Nguyen,V (2505) Ho Chi Minh City 2012}) 15. Bxe5 (15. dxe5 $11 Nc5 16. g5 hxg5 17. hxg5) 15... Ncxe5 $15 16. Nxe5 Nxe5 17. dxe5 Bxh4 {Strongly threatening ...Qxe3.} 18. Nf3 Be7 19. Qd2 (19. g5 $11) 19... Rad8 (19... Qe6 $1 $15) 20. Nd4 $11 Rfe8 21. f4 Be4 22. Bf3 (22. a4 $11) 22... f6 $15 23. O-O-O (23. Bxe4 $15 fxe5 24. fxe5 Bh4+ 25. Kd1 dxe4 26. Kc2) 23... fxe5 $19 24. fxe5 {With the idea Bxe4.} Bg5 25. Bxe4 {aiming for Bg2.} dxe4 (25... Rxe5 $17 26. Bxd5+ Rdxd5) 26. Qe2 Qa6 $1 {[%cal Ra6a2]} 27. e6 Qxa2 {Threatens to win with ...Rxd4!} 28. Rgf1 $2 (28. Kc2 $17 Qa4+ 29. Kb1) 28... Rd6 29. Kc2 {Black must now prevent Ra1.} Rb6 {[%csl Gb6][%cal Ra2b2]} 30. Rb1 Be7 {And now ...Ba3 would win.} 31. Kc1 {[#]} Bc5 $40 {[%mdl 128] [#] White needs to defend precisely.} (31... Ba3 $1 $17 {[%mdl 512]} 32. Qc2 (32. bxa3 Rxb1#) 32... Bc5 33. Qxe4 Bxd4 34. Qxd4 Rexe6) 32. Qf2 $2 (32. g5 $1 $15 {[%mdl 512]}) 32... Rf8 33. Qg2 $2 {[#]} (33. Nf5 Rxe6 34. Rd1) 33... Rxf1+ $1 34. Qxf1 {[#]} Rxe6 $1 {[%mdl 512]} 35. Qf5 {[#]} (35. Nc2 $142) (35. Nxe6 Bxe3+) 35... Rf6 $1 {...Bxd4 is the strong threat.} ({Weaker is} 35... Rc6 36. Qd5+ Kh8 37. g5 $15) 36. Qd5+ Kh8 {( -> ...Rf1+)} 37. Nf5 {[#]} Rxf5 $1 {Precision: White = 29%, Black = 60%.} 0-1

[Event "XVI Gran Hotel Bali 2017"]
[Site "Benidorm"]
[Date "2017.12.06"]
[Round "7"]
[White "Zohaib Hassan, Mohamed"]
[Black "Gajic, Mladen"]
[Result "0-1"]
[WhiteElo "2231"]
[BlackElo "2300"]
[Annotator "TA"]
[PlyCount "98"]
[EventDate "2017.??.??"]
[EventType "swiss"]
[EventCountry "ESP"]
[SourceTitle "playchess.com"]
[Source "ChessBase"]
[SourceQuality "1"]

{[%evp 25,98,-7,-7,-7,-6,-4,-8,-16,-8,-22,-10,-10,-7,-10,-10,-15,-7,-13,-8,-7,0,0,0,0,0,0,0,0,0,0,0,0,0,0,0,0,0,0,0,0,0,0,0,0,0,0,0,0,0,0,0,0,0,0,139,-318,-343,-381,-381,-365,-315,-1163,-970,-864,-815,-1047,-1727,-2405,-2151,-3350,-2754,-29982,-29982,-29988,-29989]} 1. d4 Nf6 2. Nf3 {[%cal Bg1f3,Bf3d4,Bd4c2][%mdl 32]} c5 3. c4 cxd4 4. Nxd4 e5 5. Nc2 d5 6. cxd5 Qxd5 7. Qxd5 Nxd5 8. e4 Nb4 9. Nxb4 Bxb4+ 10. Bd2 Nc6 11. Bb5 {A31: Symmetrical English: 2 Nf3 Nf6 3 d4} Bd7 12. Bxc6 Bxd2+ 13. Nxd2 (13. Kxd2 Bxc6 14. Ke3 Ke7 15. Nc3 Rhd8 16. Rhd1 {½-½ (16) Svoboda,S (2441)-Rosko,L (2360) Czech Republic 2016}) 13... Bxc6 {LiveBook: 4 Games} 14. f3 Ke7 15. Nc4 $146 ({Predecessor:} 15. Kf2 Rad8 16. Rad1 Rd7 17. Nc4 Rhd8 18. Rxd7+ Rxd7 {0-1 (37) Stahl,G-Mueller,M (2180) Kassel 1998}) 15... Ke6 16. Ne3 g6 17. g4 h5 {Threatens to win with ...hxg4.} 18. g5 $1 Rhd8 19. Rd1 Rxd1+ 20. Kxd1 $11 {[%mdl 4096] Endgame KRB-KRN} Rd8+ 21. Kc2 Bb5 {With the idea ...Be2.} 22. Rd1 Rd4 23. Nd5 {aiming for Rxd4.} Bc4 24. Nf4+ Kd6 25. Rxd4+ exd4 {KB-KN} 26. Nd3 a5 ({And not} 26... Bxa2 27. b3 $18) 27. f4 Bxa2 28. b3 $1 {[#] Strongly threatening Kb2.} a4 $1 {[%mdl 512]} 29. bxa4 b6 30. Kb2 Bc4 31. Ne5 Be6 32. Kc2 Kc5 33. Kd3 Ba2 34. Nd7+ Kc6 35. Ne5+ Kc5 36. Nd7+ Kc6 37. Ne5+ Kc5 38. Kc2 Be6 39. Nd3+ Kc4 {[#]} (39... Kd6 $11) 40. f5 $2 {[%mdl 8192]} (40. h4 $1 $16 {is forced if you want to stay better.}) 40... gxf5 $19 41. Nf4 Bd7 42. e5 {And now h4 would win.} h4 ({Weaker is} 42... Bxa4+ 43. Kd2 $19) 43. Nh5 $2 (43. Kd2 Bxa4 44. e6 fxe6 45. Nxe6) 43... Bxa4+ 44. Kd2 Kd5 45. g6 fxg6 46. Nf4+ Kxe5 47. Nxg6+ Ke4 48. Nxh4 f4 {[%cal Bf5f4,Bf4f3][%mdl 32]} 49. Ng6 f3 {Precision: White = 52%, Black = 73%.} 0-1

[Event "XVI Gran Hotel Bali 2017"]
[Site "Benidorm"]
[Date "2017.12.06"]
[Round "7"]
[White "Saenz Narciso, Miguel Angel"]
[Black "Ayats Llobera, Gerard"]
[Result "1/2-1/2"]
[WhiteElo "2228"]
[BlackElo "2285"]
[Annotator "TA"]
[PlyCount "121"]
[EventDate "2017.??.??"]
[EventType "swiss"]
[EventCountry "ESP"]
[SourceTitle "playchess.com"]
[Source "ChessBase"]
[SourceQuality "1"]

{[%evp 9,121,43,112,67,67,61,65,40,28,-16,104,94,80,56,123,130,119,105,83,-12,-17,-12,19,0,0,-33,-12,-5,-6,-9,-13,-12,0,0,0,0,0,0,0,0,0,0,0,0,0,0,0,-8,0,-8,104,114,104,106,136,11,7,8,43,44,47,0,0,0,0,0,0,0,38,38,45,45,66,38,38,38,38,29,29,8,8,8,8,8,8,8,8,8,8,8,8,8,8,8,8,8,8,8,8,8,8,8,8,1,1,1,1,1,1,1,1,0,0,0]} 1. d4 Nf6 2. Nf3 c5 3. d5 b5 4. Bg5 Qb6 5. a4 Ne4 {LiveBook: 4 Games} ({Better is} 5... b4 $14) (5... b4 6. a5 Qc7 7. e3 d6 8. c3 Nbd7 9. Bxf6 Nxf6 10. cxb4 cxb4 11. Bb5+ Bd7 12. Bxd7+ Qxd7 13. Qb3 {0-1 (52) Fressinet,L (2711)-Tregubov,P (2616) Calvi 2014}) 6. axb5 {A43: Schmid Benoni} (6. Bf4 {seems wilder.} Qf6 7. e3 Qxb2 8. Be5 Qb4+ 9. Nbd2) 6... Nxg5 7. Nxg5 Qxb5 $146 ({Predecessor:} 7... g6 8. e4 Bg7 9. Nc3 d6 10. Nf3 O-O 11. Nd2 Qc7 12. Be2 a6 13. Nc4 {1-0 (43) Xie,G (2478)-Ikeda,J (2262) Cammeray 2011}) 8. Nd2 {White is slightly better.} (8. Ra2 {is more complex.} g6 9. e4 Qb7 10. Bc4 Bh6 11. f4) 8... Qxb2 9. e4 h6 (9... g6 $1 $11) 10. Ngf3 $1 $16 {[%mdl 1024] White has strong compensation.} g6 11. Bd3 Qb7 ({Black should try} 11... Qb6 $14) 12. e5 Bg7 {[#]} 13. O-O $1 O-O {[#]} 14. d6 (14. Be4 $1 $16) 14... exd6 $11 15. exd6 Qb6 ({Not} 15... Bxa1 $2 16. Qxa1 Re8 17. Bc4 $18) 16. Nc4 Qd8 17. Rb1 Ba6 18. Nfe5 Nc6 19. Nxc6 dxc6 20. Re1 Re8 21. Qf3 Qd7 22. Na5 Bxd3 23. Qxd3 Bf8 24. Nc4 $36 {[%mdl 2048] White has some pressure.} Rad8 25. g3 Re6 26. Rxe6 Qxe6 27. Rd1 Rd7 28. h4 h5 29. Rd2 Qf6 (29... a5 $11) 30. Qe4 $16 Qe6 31. Qxc6 Rd8 32. Qd5 (32. Qxc5 $16 Kh7 33. Qa5) 32... Qxd5 $1 $11 33. Rxd5 {aiming for d7.} f6 (33... Kg7 {is interesting.} 34. f3 a5 35. Kf2 a4 36. Rd3 Kf6) 34. Rxc5 Bxd6 35. Nxd6 (35. Rc6 {looks sharper.} Be7 36. Rc7 Kf8 37. Rxa7 Rc8 38. Ra4) 35... Rxd6 $14 {[%mdl 4096] Endgame KR-KR} 36. Rc8+ Kf7 37. Rc7+ Ke6 38. Rxa7 Rd1+ 39. Kg2 Rc1 40. Rc7 Kf5 41. Kf3 g5 42. Rc5+ Kg6 43. hxg5 fxg5 44. Ke2 h4 {The position is equal.} 45. gxh4 gxh4 46. Kf3 Rg1 47. Rc8 {Strongly threatening Rg8+.} Kf5 48. Rf8+ Ke6 49. Rf4 h3 {White must now prevent ...h2.} 50. Rh4 Rc1 51. Rxh3 Rxc2 52. Rh5 Rc4 53. Ra5 Kf6 54. Kg3 Rc1 55. Kg4 Rc4+ 56. f4 Rc6 57. Rh5 {Threatening mate with Rh6+.} Rc1 58. Rh6+ Kg7 59. Ra6 Rc5 60. f5 Rc1 61. Kg5 {Precision: White = 55%, Black = 62%.} 1/2-1/2

[Event "XVI Gran Hotel Bali 2017"]
[Site "Benidorm"]
[Date "2017.12.07"]
[Round "8"]
[White "Gajic, Mladen"]
[Black "Stanca, Adrian"]
[Result "1/2-1/2"]
[WhiteElo "2300"]
[BlackElo "2226"]
[Annotator "TA"]
[PlyCount "71"]
[EventDate "2017.??.??"]
[EventType "swiss"]
[EventCountry "ESP"]
[SourceTitle "playchess.com"]
[Source "ChessBase"]
[SourceQuality "1"]

{[%evp 11,71,50,54,56,82,68,97,99,91,97,109,96,101,95,98,94,100,91,91,97,93,100,120,118,122,124,116,101,125,119,112,107,136,147,139,138,141,93,144,143,127,0,0,0,56,0,0,12,27,25,89,70,63,66,52,0,0,0,0,0,0,0]} 1. d4 g6 2. e4 c6 3. Nf3 Bg7 4. Bd3 d5 5. e5 Na6 (5... c5 6. c3 Nc6 7. O-O cxd4 8. cxd4 Bg4 9. Nbd2 Nh6 10. h3 Bf5 11. Nb3 Bxd3 12. Qxd3 O-O 13. Bf4 {1-0 (34) Predojevic,B (2640)-Rotstein,A (2501) Austria 2017}) 6. c3 {B06: Modern Defence} Nc7 {LiveBook: 4 Games} 7. O-O Bd7 $146 ({Predecessor:} 7... Nh6 8. Re1 O-O 9. h3 f6 10. Bf4 Ne6 11. Bh2 f5 12. c4 b6 13. Nc3 {½-½ (65) Pritchett,C (2280)-Malisov,B (2240) Acqui Terme 2017}) 8. h3 {White is better.} Qc8 9. Bf4 Bf5 10. Be2 h6 11. Bh2 h5 12. Na3 Nh6 13. Nc2 Bd7 14. Ne3 Nf5 15. Nxf5 Bxf5 16. Nh4 Be6 17. f4 Qd7 18. a4 O-O-O 19. b4 Bh6 20. Bd3 Rdg8 21. Kh1 Bxf4 22. Bxf4 g5 23. Bh2 {[#] Nf5 is the strong threat.} gxh4 24. Rf4 Rg7 (24... Rg5 $142) 25. Qf3 Rhg8 26. Rxh4 ({Better is} 26. Ra2 $16) 26... Rxg2 $11 27. Rxh5 R2g5 (27... R2g7 $11) 28. Rg1 Rxg1+ 29. Bxg1 Qe8 30. Be3 Bd7 (30... c5 $11) 31. Kh2 Ne6 32. Rh7 Nf8 33. Rxf7 (33. Rh6 $14) 33... Be6 {The position is equal.} 34. Rf4 {Black must now prevent Rh4.} Ng6 35. Bxg6 Qxg6 36. Rf8+ {Precision: White = 72%, Black = 38%.} 1/2-1/2

[Event "XVI Gran Hotel Bali 2017"]
[Site "Benidorm"]
[Date "2017.12.07"]
[Round "8"]
[White "Olhovik, Andrei"]
[Black "Picazo Lopez, Juan Antonio"]
[Result "1-0"]
[WhiteElo "2299"]
[BlackElo "2204"]
[Annotator "TA"]
[PlyCount "89"]
[EventDate "2017.??.??"]
[EventType "swiss"]
[EventCountry "ESP"]
[SourceTitle "playchess.com"]
[Source "ChessBase"]
[SourceQuality "1"]

{[%evp 16,89,14,7,38,33,34,1,0,1,87,87,75,89,108,110,112,110,103,79,114,120,139,97,114,122,141,140,162,158,168,136,177,171,286,280,320,207,176,133,174,160,148,100,175,164,162,118,474,492,389,469,435,480,464,469,453,450,418,404,440,434,471,470,481,437,420,428,564,564,572,545,1227,1200,1118,608]} 1. d4 d5 2. Bf4 c5 3. e3 Nc6 4. c3 e6 5. Nd2 Bd6 6. Bg3 Nf6 7. Ngf3 O-O 8. Bb5 {D02: 1 d4 d5 2 Nf3 sidelines, including 2...Nf6 3 g3 and 2...Nf6 3 Bf4} cxd4 (8... Be7 9. Qb1 Nh5 10. dxc5 Bxc5 11. Bh4 Be7 12. Bxe7 Qxe7 13. c4 Qc5 14. O-O dxc4 15. Bxc4 Nf6 {½-½ (44) Naiditsch,A (2702)-Svidler,P (2760) Antalya 2017}) 9. exd4 {LiveBook: 6 Games} Ne4 $146 ({Predecessor:} 9... Qc7 10. O-O Bxg3 11. hxg3 Qb6 12. Qa4 Bd7 13. Rfe1 Rfc8 14. Rab1 Nb8 15. Bxd7 Nbxd7 {½-½ (24) Parligras,M (2596)-Magalashvili,D (2488) Konya 2016}) 10. Nxe4 {White is slightly better.} dxe4 11. Bxd6 Qxd6 12. Nd2 Qd5 (12... e5 $11) 13. Bc4 $16 Qg5 14. O-O e5 15. Nxe4 Qf4 16. Re1 exd4 17. cxd4 Rd8 18. d5 Ne5 19. Qd2 Qg4 {Hoping for ...Nf3+.} 20. Qc3 Qf4 21. Bb3 Bf5 22. Qg3 Ng6 23. Nc3 {[%cal Be4c3,Bc3b5,Bb5d4][%mdl 32]} Qb4 24. Rad1 Rd6 {[#]} (24... Qg4 $142 25. Qxg4 Bxg4) 25. Nb5 $1 $18 {[%mdl 512]} Rb6 (25... Qxb5 26. Qxd6) 26. Nd4 Bd7 27. h4 {[%cal Bh2h4,Bh4h5][%mdl 32]} a5 28. h5 Nf8 29. a4 Rf6 (29... h6 $16 {was worth a try.} 30. Re3 Rc8) 30. Re4 {[%cal Be1e4,Be4f4,Bf4d4][%mdl 32]} Qb6 31. Rf4 $40 {[%mdl 128] Threatens to win with Ne6! White has strong attack.} Re8 $2 {[%mdl 8192] [#]} (31... Qd6 $16 {is a better chance.} 32. Re4 Qxg3 33. fxg3 h6) 32. Ne6 $1 {[%mdl 512]} Rfxe6 (32... Bxe6 33. Rxf6) 33. dxe6 Bxe6 34. h6 {[%csl Gh6][%cal Rg3g7]} Ng6 35. Bxe6 Qxe6 36. Rfd4 Qf6 37. hxg7 h5 38. b3 Kxg7 39. Rd6 Qf5 40. R6d5 Qc2 41. Qd3 Qc6 {White is clearly winning.} 42. Rxh5 Re4 43. Qh3 Rf4 44. Rh7+ Kf6 45. Qd7 {Precision: White = 70%, Black = 32%.} 1-0

[Event "XVI Gran Hotel Bali 2017"]
[Site "Benidorm"]
[Date "2017.12.07"]
[Round "8"]
[White "Iglesias, Jorge"]
[Black "Fernandez Barrera, Victor"]
[Result "1-0"]
[WhiteElo "2291"]
[BlackElo "2300"]
[Annotator "TA"]
[PlyCount "63"]
[EventDate "2017.??.??"]
[EventType "swiss"]
[EventCountry "ESP"]
[SourceTitle "playchess.com"]
[Source "ChessBase"]
[SourceQuality "1"]

{[%evp 22,63,7,4,19,19,14,4,7,2,43,54,100,89,127,124,125,122,159,158,180,187,269,222,400,399,481,477,473,466,679,672,773,768,1502,751,756,750,1281,1241,29985,2370,29998,29999]} 1. c4 e5 2. Nc3 Nf6 {[%cal Bg8f6,Bf6d5,Bd5b6][%mdl 32]} 3. g3 d5 4. cxd5 Nxd5 5. Bg2 Nb6 6. Nf3 Nc6 7. O-O Be7 8. d3 Be6 9. Be3 Nd5 10. Nxd5 Bxd5 11. Qa4 O-O 12. Rac1 {LiveBook: 29 Games} f6 {A29: English Opening: Four Knights Variation with 4 g3} (12... Re8 13. Rfd1 a6 14. a3 Bf6 15. Nd2 Bxg2 16. Kxg2 Nd4 17. Bxd4 exd4 18. Ne4 c6 19. b4 Be7 20. Qb3 {½-½ (46) Aronian,L (2784)-Topalov,V (2754) Stavanger 2016}) 13. Rfd1 Kh8 14. Bc5 Bxc5 {The position is equal.} 15. Rxc5 Ne7 $146 ({Predecessor:} 15... Bxf3 16. Bxf3 Nd4 17. Bxb7 Rb8 18. Qxa7 Nxe2+ 19. Kf1 Nd4 20. Rdc1 {1-0 (41) Zaichik,G (2420)-Chernin,A (2475) Jurmala 1983}) 16. e4 Bc6 17. Qc2 Qe8 {[#]} 18. d4 $1 exd4 19. Nxd4 {Black must now prevent Ne6.} Qf7 20. b4 a6 21. a4 Rfd8 {[#]} (21... Rfc8 {was called for.} 22. Bh3 Rd8) 22. b5 $1 $18 {[%cal Rb5c6]} Be8 $2 (22... axb5 23. axb5 (23. Nxc6 Nxc6 24. Rxd8+ Nxd8 $14) 23... b6) 23. Rxc7 Rd7 24. Rxd7 Bxd7 25. Qc7 Qe8 (25... Bg4 $142 26. f3 Bc8) 26. Nf5 Nxf5 27. exf5 Bxf5 28. bxa6 Rc8 29. Qa5 Bg4 30. Re1 Qh5 31. axb7 Qxa5 32. bxc8=Q+ {Precision: White = 83%, Black = 17%.} 1-0

[Event "XVI Gran Hotel Bali 2017"]
[Site "Benidorm"]
[Date "2017.12.07"]
[Round "8"]
[White "Ayats Llobera, Gerard"]
[Black "Longa Yauca, Javier"]
[Result "1-0"]
[WhiteElo "2285"]
[BlackElo "2220"]
[Annotator "TA"]
[PlyCount "55"]
[EventDate "2017.??.??"]
[EventType "swiss"]
[EventCountry "ESP"]
[SourceTitle "playchess.com"]
[Source "ChessBase"]
[SourceQuality "1"]

{[%evp 12,55,1,0,10,17,57,-15,92,67,76,22,127,125,114,70,65,82,81,0,0,-225,-219,-222,-141,-204,-195,-166,-165,-213,-161,-209,-201,-174,-93,-47,-76,-93,28,10,91,95,438,428,414,395]} 1. b3 e5 2. Bb2 Nc6 3. e3 d6 4. Nf3 Nf6 5. d4 e4 6. Nfd2 d5 {A01: Nimzowitsch-Larsen Opening} 7. c4 {LiveBook: 3 Games} Bg4 (7... Bb4 8. Be2 Ne7 9. Bc3 Bxc3 10. Nxc3 c6 11. Qc2 O-O 12. O-O Bf5 13. Rfc1 Rc8 14. Qb2 {½-½ (59) Moskalenko,V (2528)-Kogan,A (2548) Catalunya 2014}) 8. Qc1 Nb4 {The position is equal.} 9. cxd5 ({Better is} 9. a3 $14 Nd3+ 10. Bxd3 exd3 11. O-O) 9... Qxd5 (9... Nbxd5 $11 10. Nc3 Bb4) 10. Nc3 Qe6 11. a3 (11. h3 $16 Bh5 12. g4) 11... Nd3+ (11... Nbd5 $11) 12. Bxd3 $16 exd3 13. e4 $146 ({Predecessor:} 13. O-O Bd6 14. Nc4 {½-½ (75) Nei,M (2300)-Vaisanen,K Helsinki 1999}) 13... O-O-O 14. f3 (14. Nb5 Qb6 $15) 14... Rxd4 15. Nb5 ({Much worse is} 15. fxg4 $6 Nxg4 16. O-O Bc5 $11) (15. O-O $1 $16) 15... Rd7 $11 16. Bxf6 $2 (16. Nd4 $1 $11 {and White is okay.} Qb6 17. Nc4) 16... Qxf6 $19 17. fxg4 a6 {aiming for ...Bc5.} 18. Nc3 (18. Qc3 $17 {is a better defense.} Qb6 19. a4) 18... Bc5 $1 19. Nf3 {[#]} d2+ $1 {[%mdl 512]} 20. Nxd2 {[#]} Qf2+ $1 21. Kd1 Rhd8 {[%cal Rd7d2]} (21... Qxg2 22. Re1 $17) 22. Nd5 {With the idea Rf1.} c6 (22... Qxg2 $19 23. Re1 Qxg4+ 24. Re2 Bd4) 23. Rf1 $17 Qd4 24. b4 {[#]} cxd5 (24... Ba7 $1 $17 {Threatens to win with ...Kb8.} 25. Ra2 Kb8) 25. e5 $1 $36 {[%mdl 2048] White has good play.} ({Weaker is} 25. Qxc5+ Qxc5 26. bxc5 dxe4 $17) 25... Rc7 (25... Kb8 $1 $11 26. bxc5 Rc8) 26. bxc5 $16 Rxc5 $2 {[%mdl 8192] [#]} (26... Re8 $16 {is a better chance.} 27. Rb1 Qxg4+ 28. Nf3 Qxg2) 27. Qxc5+ $1 $18 {[%mdl 512]} Qxc5 28. Rc1 {Precision: White = 59%, Black = 23%.} 1-0